| 000 | 01028pam a2200313 i 4500 | ||
|---|---|---|---|
| 001 | 6554 | ||
| 003 | FISKH | ||
| 005 | 20250709094404.0 | ||
| 008 | 751218s1976 nyua j 000 1 eng | ||
| 010 | _a 75044381 | ||
| 020 | _a051752600X | ||
| 020 | _a078073002504 | ||
| 040 |
_aDLC _cDLC _dDLC _beng |
||
| 050 | _aPZ7.T598 L | ||
| 082 | _a813.54 | ||
| 100 | 1 | _aTompert, Ann. | |
| 245 | 1 | 0 |
_aLittle Fox goes to the end of the world / _cby Ann Tompert ; with pictures by John Wallner. |
| 260 |
_aNew York : _bCrown Publishers, _c1976. |
||
| 300 |
_a40 unnnumbered pages : _bcolor illustrations ; _c23 cm |
||
| 505 | _aJ | ||
| 520 | _aLittle Fox tells her mother all the frightening things she'll see and do when she travels to the end of the world. | ||
| 521 | 8 |
_a460
_bLexile AD |
|
| 521 | 8 |
_aJ
_bRaz-Plus |
|
| 650 |
_aAnimals _vAdventure _xImagination |
||
| 700 | 1 |
_aWallner, John, _d1945- _eillustrator |
|
| 906 |
_a7 _bcbc _corignew _d1 _eocip _f19 _gy-gencatlg |
||
| 942 |
_2ddc _cBK _n0 |
||
| 999 |
_c6554 _d6554 |
||